Every Micropolitan Area in U.S. (First 500) - Statistics

General Stats
  • This quiz has been taken 25 times
  • The average score is 67 of 500
Answer Stats
# State(s) Population Micro Area % Correct
301 Ohio 41,938 Wilmington
77%
5 New Hampshire 157,103 Concord
64%
83 Kentucky 76,257 Frankfort
64%
415 Indiana 32,730 Frankfort
64%
387 Wyoming, Idaho 35,781 Jackson
55%
276 Iowa, Illinois 44,341 Burlington
50%
368 Missouri 36,680 Lebanon
45%
181 Nevada 56,210 Elko
41%
211 Ohio 51,415 Greenville
41%
300 Mississippi 41,946 Greenville
41%
96 New Mexico 72,101 Hobbs
41%
78 New Hampshire 77,703 Keene
41%
127 Indiana 66,127 Richmond
41%
445 South Dakota 28,971 Watertown
41%
80 Washington 77,290 Aberdeen
36%
302 South Dakota 41,790 Aberdeen
36%
56 Texas 86,158 Athens
36%
107 Tennessee 69,369 Athens
36%
151 Ohio 62,706 Athens
36%
31 Virginia 101,408 Danville
36%
99 Illinois 71,652 Danville
36%
184 Kentucky 55,764 Danville
36%
498 North Dakota 21,392 Jamestown
36%
339 Wyoming 38,257 Laramie
36%
101 Arkansas 71,039 Pine Bluff
36%
97 Ohio 71,969 Portsmouth
36%
87 New York 74,485 Auburn
32%
278 Indiana 44,198 Auburn
32%
209 Illinois 52,141 Carbondale
32%
143 Utah 64,211 Cedar City
32%
446 Mississippi 28,968 Cleveland
32%
121 Missouri 67,058 Farmington
32%
353 Kansas 37,466 Garden City
32%
367 Indiana 36,781 Huntington
32%
423 Alaska 31,555 Juneau
32%
214 Oregon 50,821 Newport
32%
355 Tennessee 37,404 Newport
32%
226 Arizona 49,158 Nogales
32%
224 Pennsylvania 49,431 Oil City
32%
150 Texas 62,805 Paris
32%
417 Tennessee 32,554 Paris
32%
329 Kansas 38,764 Pittsburg
32%
88 Illinois, Missouri 74,259 Quincy
32%
146 New Mexico 63,561 Roswell
32%
34 Ohio 100,182 Salem
32%
411 Alabama 33,137 Troy
32%
334 Oklahoma 38,396 Ada
27%
310 Oregon 41,102 Astoria
27%
383 South Dakota 35,980 Brookings
27%
488 Oregon 23,296 Brookings
27%
57 Washington 86,154 Centralia
27%
369 Illinois 36,673 Centralia
27%
129 New Mexico 66,009 Clovis
27%
427 Wyoming 30,735 Cody
27%
119 Mississippi 67,197 Columbus
27%
268 Nebraska 45,175 Columbus
27%
240 Texas 47,720 Del Rio
27%
210 Georgia 51,610 Douglas
27%
356 Arkansas 37,397 El Dorado
27%
485 Wyoming, Utah 23,415 Evanston
27%
455 Texas 27,733 Fredericksburg
27%
241 Wyoming 47,498 Gillette
27%
450 Kansas 28,810 Hays
27%
51 Georgia 88,615 Jefferson
27%
20 Montana 113,679 Kalispell
27%
64 Mississippi 82,263 Laurel
27%
469 Nebraska 25,932 Lexington
27%
456 Illinois 27,590 Lincoln
27%
122 Michigan 66,999 Marquette
27%
58 Mississippi 85,755 Meridian
27%
72 New York 79,920 Monticello
27%
478 Indiana 24,917 Monticello
27%
308 Idaho 41,301 Moscow
27%
16 North Carolina 124,215 New Bern
27%
228 Indiana 48,929 New Castle
27%
229 Nebraska 48,782 Norfolk
27%
401 Nebraska 34,020 North Platte
27%
103 Mississippi 70,853 Oxford
27%
77 New York 78,115 Plattsburgh
27%
159 Vermont 60,271 Rutland
27%
1 Delaware 263,509 Seaford
27%
296 Mississippi 42,298 Vicksburg
27%
447 Michigan 28,904 Alpena
23%
160 Vermont 60,142 Barre
23%
375 Texas 36,359 Bay City
23%
358 Vermont 37,183 Bennington
23%
191 North Carolina 54,748 Boone
23%
323 Pennsylvania 39,519 Bradford
23%
342 Ohio 38,089 Cambridge
23%
414 Maryland 32,879 Cambridge
23%
250 Iowa 46,158 Clinton
23%
41 Maryland, West Virginia 94,140 Cumberland
23%
343 North Dakota 38,054 Dickinson
23%
402 Kansas 33,980 Dodge City
23%
380 Tennessee 36,169 Fayetteville
23%
283 Texas 43,782 Gainesville
23%
109 New Mexico 68,797 Gallup
23%
157 New York 60,470 Hudson
23%
68 Texas 81,268 Huntsville
23%
207 Texas 52,217 Jacksonville
23%
363 Illinois 36,850 Jacksonville
23%
413 Indiana 33,056 Madison
23%
434 Oklahoma 30,287 Miami
23%
148 Ohio 63,320 Mount Vernon
23%
376 Illinois 36,320 Mount Vernon
23%
136 Texas 65,375 Nacogdoches
23%
377 Louisiana 36,291 Natchitoches
23%
169 Ohio 58,199 Norwalk
23%
164 Oregon, Idaho 59,323 Ontario
23%
185 Nevada 55,720 Pahrump
23%
110 Idaho 68,743 Rexburg
23%
379 Michigan 36,264 Sault Ste. Marie
23%
373 Nebraska 36,373 Scottsbluff
23%
381 Alabama 36,165 Selma
23%
69 South Carolina 81,221 Seneca
23%
420 New York 32,349 Seneca Falls
23%
419 Wyoming 32,519 Sheridan
23%
396 New Mexico 34,405 Taos
23%
12 Mississippi 132,027 Tupelo
23%
275 North Carolina 44,481 Washington
23%
405 Indiana 33,656 Washington
23%
54 Ohio 86,305 Zanesville
23%
317 Minnesota 39,953 Alexandria
18%
225 New York 49,368 Amsterdam
18%
208 Ohio 52,190 Ashland
18%
246 Minnesota 46,718 Bemidji
18%
35 Minnesota 99,750 Brainerd
18%
256 Vermont 45,966 Brattleboro
18%
464 Arkansas 26,434 Camden
18%
418 Illinois 32,541 Canton
18%
44 New York 92,162 Corning
18%
463 California 26,589 Crescent City
18%
378 Indiana 36,288 Decatur
18%
165 Georgia 59,223 Dublin
18%
346 Maryland 37,823 Easton
18%
4 Pennsylvania 166,053 East Stroudsburg
18%
274 Illinois 44,592 Effingham
18%
263 Washington 45,508 Ellensburg
18%
167 Ohio 58,709 Fremont
18%
357 Nebraska 37,187 Fremont
18%
320 Michigan 39,771 Houghton
18%
62 Pennsylvania 83,094 Indiana
18%
174 Nebraska 57,467 Kearney
18%
105 Oregon 70,003 Klamath Falls
18%
28 Georgia, Alabama 104,821 LaGrange
18%
92 Florida 73,063 Lake City
18%
426 New Mexico 30,791 Las Vegas
18%
125 Indiana 66,200 Marion
18%
140 Ohio 64,851 Marion
18%
271 North Carolina 44,893 Marion
18%
280 Colorado 44,156 Montrose
18%
29 Washington 102,678 Moses Lake
18%
291 Arkansas 42,875 Mountain Home
18%
439 Idaho 29,724 Mountain Home
18%
202 Mississippi, Louisiana 53,375 Natchez
18%
116 Louisiana 67,659 New Iberia
18%
8 Illinois 146,599 Ottawa
18%
467 Kansas 26,125 Ottawa
18%
248 Indiana 46,352 Plymouth
18%
79 Washington 77,616 Port Angeles
18%
236 Washington 48,012 Pullman
18%
319 Wyoming 39,815 Riverton
18%
309 Wyoming 41,249 Rock Springs
18%
22 Oregon 112,435 Roseburg
18%
166 Kansas 58,916 Salina
18%
204 Tennessee 53,055 Shelbyville
18%
435 Pennsylvania 30,198 St. Marys
18%
155 Michigan 60,878 Sturgis
18%
448 California 28,861 Susanville
18%
466 Oregon 26,333 The Dalles
18%
21 Connecticut 113,463 Torrington
18%
326 Ohio 38,845 Urbana
18%
477 Texas 24,960 Uvalde
18%
347 Utah 37,747 Vernal
18%
324 North Dakota 39,113 Williston
18%
273 Tennessee 44,654 Winchester
18%
108 New Mexico 68,835 Alamogordo
14%
200 Oklahoma 53,706 Bartlesville
14%
173 New York 57,529 Batavia
14%
497 Nebraska 21,634 Beatrice
14%
269 Indiana 45,084 Bedford
14%
345 Colorado 37,830 Breckenridge
14%
82 Ohio 76,501 Chillicothe
14%
50 West Virginia 88,707 Clarksburg
14%
114 California 67,878 Clearlake
14%
182 Florida 56,119 Clewiston
14%
259 New York 45,752 Cortland
14%
364 Lousiana 36,827 DeRidder
14%
180 Colorado 56,407 Durango
14%
305 North Carolina 41,444 Elizabeth City
14%
186 Alabama 55,643 Enterprise
14%
470 Nevada 25,803 Fallon
14%
371 Iowa 36,485 Fort Dodge
14%
188 Kentucky 55,490 Glasgow
14%
104 Massachusetts 70,836 Greenfield
14%
42 South Carolina 93,894 Greenwood
14%
385 Mississippi 35,913 Greenwood
14%
260 Arkansas 45,601 Harrison
14%
175 Kentucky 56,845 Henderson
14%
295 North Carolina 42,301 Henderson
14%
17 Michigan 121,939 Holland
14%
483 Oregon 23,745 Hood River
14%
285 Indiana 43,546 Jasper
14%
138 New Hampshire 65,027 Laconia
14%
468 Oregon 25,944 La Grande
14%
53 Texas 87,319 Lufkin
14%
462 Illinois 26,839 Macomb
14%
168 Ohio 58,577 Marietta
14%
412 Tennessee 33,084 Martin
14%
147 Virginia 63,465 Martinsville
14%
222 Iowa 49,703 Mason City
14%
372 Kentucky 36,461 Mayfield
14%
144 Michigan 64,118 Mount Pleasant
14%
179 Texas 56,423 Mount Pleasant
14%
338 Kentucky 38,280 Murray
14%
124 Oklahoma 66,677 Muskogee
14%
212 Wisconsin 51,409 Platteville
14%
389 Illinois 35,320 Pontiac
14%
139 California 64,896 Red Bluff
14%
60 Arkansas 84,637 Russellville
14%
421 Alabama 31,802 Russellville
14%
237 Louisiana 47,962 Ruston
14%
91 Oklahoma 73,791 Shawnee
14%
23 Arizona 109,175 Show Low
14%
221 Missouri 49,711 Sikeston
14%
195 California 54,204 Sonora
14%
40 Georgia 95,081 Statesboro
14%
193 Illinois 54,498 Sterling
14%
476 Georgia 25,222 Summerville
14%
49 California 89,108 Ukiah
14%
433 Tennessee 30,411 Union City
14%
149 North Carolina 62,969 Waynesville
14%
75 North Carolina 78,970 Wilson
14%
480 Oklahoma 24,669 Altus
9%
384 Florida 35,979 Arcadia
9%
499 Arkansas 21,274 Arkadelphia
9%
425 Texas 30,850 Beeville
9%
38 West Virginia, Virginnia 97,177 Bluefield
9%
176 Missouri 56,775 Branson
9%
187 Texas 55,635 Corsicana
9%
475 New Mexico 25,316 Deming
9%
406 Illinois 33,654 Dixon
9%
81 Pennsylvania 77,090 DuBois
9%
500 Texas 21,190 Dumas
9%
281 Oklahoma 44,014 Duncan
9%
227 Oklahoma 48,967 Durant
9%
458 West Virginia 27,350 Elkins
9%
394 Kanasas 34,751 Emporia
9%
461 Alabama, Georgia 26,865 Eufaula
9%
86 Ohio 74,704 Findlay
9%
199 Missouri 53,812 Fort Leonard Wood
9%
290 Illinois 43,105 Freeport
9%
444 Ohio 28,986 Gallipolis
9%
206 New York 52,234 Gloversville
9%
422 Idaho 31,723 Hailey
9%
327 Missouri 38,825 Hannibal
9%
314 Nebraska 40,366 Hastings
9%
43 Oregon 92,355 Hermiston-Pendleton
9%
261 Michigan 45,587 Hillsdale
9%
287 Pennsylvania 43,514 Huntingdon
9%
152 Kansas 61,497 Hutchinson
9%
366 Minnesota 36,785 Hutchinson
9%
90 Hawaii 73,851 Kapaa
9%
70 Florida 80,614 Key West-Key Largo
9%
341 North Carolina 38,110 Kill Devil Hills
9%
437 Texas 30,069 Kingsville
9%
441 Missouri 29,175 Kirksville
9%
252 Tennessee 46,114 Lawrenceburg
9%
2 New Hampshire, Vermont 225,159 Lebanon-Claremont
9%
298 Pennsylvania 42,042 Lewisburg
9%
360 Tennessee 36,961 Lewisburg
9%
348 Indiana 37,666 Logansport
9%
491 Arkansas 22,150 Magnolia
9%
409 Arkansas 33,258 Malvern
9%
474 Minnesota 25,427 Marshall
9%
489 Missouri 23,049 Marshall
9%
288 Oklahoma 43,479 McAlester
9%
203 Mississippi 53,257 McComb
9%
481 Missouri 24,394 Mexico
9%
471 South Dakota 25,792 Mitchell
9%
249 Georgia 46,167 Moultrie
9%
55 Washington 86,267 Oak Harbor
9%
85 New York 75,600 Olean
9%
161 New York 60,126 Oneonta
9%
66 Louisiana 81,464 Opelousas
9%
392 Iowa 35,166 Ottumwa
9%
112 Michigan 68,025 Owosso
9%
84 Florida 75,955 Palatka
9%
172 Texas 57,736 Palestine
9%
495 Texas 21,756 Pampa
9%
245 Arkansas 46,743 Paragould
9%
388 Indiana 35,402 Peru
9%
171 Mississippi 57,978 Picayune
9%
362 Texas 36,851 Plainview
9%
284 Oklahoma 43,641 Ponca City
9%
299 Missouri 41,948 Poplar Bluff
9%
294 North Carolina 42,324 Rockingham
9%
266 Missouri 45,284 Rolla
9%
205 Idaho 52,547 Sandpoint
9%
120 North Carolina 67,059 Sanford
9%
163 Pennsylvania 59,695 Sayre
9%
286 Missouri 43,530 Sedalia
9%
247 Indiana 46,460 Seymour
9%
111 Washington 68,389 Shelton
9%
457 New Mexico 27,472 Silver City
9%
453 South Dakota 28,053 Spearfish
9%
335 Colorado 38,391 Steamboat Springs
9%
61 Oklahoma 83,352 Stillwater
9%
25 Pennsylvania 107,980 Sunbury
9%
410 Illinois 33,228 Taylorville
9%
192 Ohio 54,527 Tiffin
9%
216 Georgia 50,463 Tifton
9%
386 Georgia 35,801 Vidalia
9%
382 Indiana 36,070 Vincennes
9%
490 North Dakota, Minnesota 22,864 Wahpeton
9%
350 Pennsylvania 37,572 Warren
9%
71 Indiana 80,364 Warsaw
9%
484 South Dakota 23,517 Yankton
9%
37 Michigan 97,520 Adrian
5%
133 North Carolina 65,699 Albemarle
5%
432 Minnesota 30,515 Albert Lea
5%
313 Alabama 40,677 Alexander City
5%
262 Texas 45,510 Alice
5%
307 Michigan 41,368 Alma
5%
408 Georgia 33,416 Americus
5%
393 Indiana 34,917 Angola
5%
231 Oklahoma 48,596 Ardmore
5%
13 Maine 127,259 Augusta-Waterville
5%
131 Wisconsin 65,920 Baraboo
5%
336 Arkansas 38,320 Batesville
5%
254 Ohio 46,057 Bellefontaine
5%
431 Texas 30,554 Big Spring
5%
217 Idaho 50,395 Blackfoot
5%
331 Arkansas 38,663 Blytheville
5%
272 Louisiana 44,865 Bogalusa
5%
351 Texas 37,571 Bonham
5%
359 Texas 37,007 Brenham
5%
407 North Carolina 33,549 Brevard
5%
117 Utah, Idaho 67,637 Brigham City
5%
395 Mississippi 34,702 Brookhaven
5%
330 Texas 38,709 Brownwood
5%
304 Ohio 41,529 Bucyrus
5%
234 Idaho 48,176 Burley
5%
374 Montana 36,360 Butte-Silver Bow
5%
223 Michigan 49,433 Cadillac
5%
162 Georgia 59,757 Calhoun
5%
218 Colorado 50,318 Cañon City
5%
277 Georgia 44,223 Cedartown
5%
293 Ohio 42,439 Celina
5%
7 Tennessee 148,226 Cookeville
5%
6 Kentucky 149,563 Corbin
5%
399 Mississippi 34,135 Corinth
5%
361 Ohio 36,869 Coshocton
5%
337 Ohio 38,315 Defiance
5%
370 Tennessee 36,498 Dyersburg
5%
194 Colorado 54,381 Edwards
5%
303 Texas 41,739 El Campo
5%
493 Oklahoma 22,042 Elk City
5%
318 New Mexico 39,876 Espanola
5%
11 California 133,985 Eureka-Arcata
5%
183 West Virginia 55,807 Fairmont
5%
492 Arkansas 22,101 Forrest City
5%
416 Iowa 32,565 Fort Madison
5%
440 Colorado 29,524 Fort Morgan
5%
94 Alabama 72,569 Fort Payne
5%
177 South Carolina 56,714 Gaffney
5%
232 Illinois 48,411 Galesburg
5%
215 Nevada 50,686 Gardnerville Ranchos
5%
115 Texas 67,774 Granbury
5%
264 Minnesota 45,365 Grand Rapids
5%
479 Kansas 24,899 Great Bend
5%
465 Indiana 26,399 Greensburg
5%
429 Mississippi 30,665 Grenada
5%
73 Utah 79,903 Heber
5%
430 Michigan, Wisconsin 30,664 Iron Mountain
5%
424 Georgia 31,373 Jesup
5%
460 Missouri 27,032 Kennett
5%
198 Texas 53,915 Kerrville
5%
190 North Carolina 54,895 Kinston
5%
332 Virginia 38,574 Lake of the Woods
5%
397 North Carolina 34,376 Laurinburg
5%
257 Pennsylvania 45,922 Lewistown
5%
349 Pennsylvania 37,607 Lock Haven
5%
442 Michigan 29,159 Ludington
5%
18 North Carolina 117,365 Lumberton
5%
67 Wisconsin 81,331 Manitowoc
5%
292 Tennessee 42,638 McMinnville
5%
436 Kansas 30,091 McPherson
5%
65 Pennsylvania 82,001 Meadville
5%
487 Kentucky 23,317 Middlesborough
5%
289 Georgia 43,396 Milledgeville
5%
391 Louisiana 35,238 Minden
5%
438 Texas 29,747 Mineral Wells
5%
315 Austin 40,058 Minnesota
5%
243 Louisiana 47,055 Morgan City
5%
100 North Carolina 71,462 Mount Airy
5%
238 Kentucky 47,788 Mount Sterling
5%
297 Iowa 42,218 Muscatine
5%
473 Minnesota 25,628 New Ulm
5%
306 Florida 41,427 Okeechobee
5%
63 South Carolina 82,820 Orangeburg
5%
219 Alabama 49,871 Ozark
5%
197 Arizona 54,003 Payson
5%
48 Kentucky 90,396 Pineville
5%
404 Washington 33,714 Port Townsend
5%
9 Pennsylvania 143,786 Pottsville
5%
39 Connecticut 96,692 Putnam
5%
74 Colorado 79,347 Rifle
5%
130 Texas 65,934 Rio Grande City-Roma
5%
213 Illinois 51,265 Rochelle
5%
322 Arizona 39,525 Safford
5%
76 Arkansas 78,452 Searcy
5%
321 Pennsylvania 39,717 Selinsgrove
5%
36 Tennessee 99,415 Sevierville
5%
95 Pennsylvania 72,197 Somerset
5%
126 Kentucky 66,191 Somerset
5%
251 Wisconsin 46,151 Sparta
5%
154 Mississippi 61,191 Starksville
5%
279 Texas 44,195 Stephenville
5%
340 Texas 38,172 Sulphur Springs
5%
233 Oklahoma 48,185 Tahlequah
5%
98 Georgia 71,715 Thomasville
5%
459 Georgia 27,228 Toccoa
5%
30 California 102,037 Truckee-Grass Valley
5%
428 Indiana 30,670 Wabash
5%
449 Ohio 28,817 Washington Court House
5%
178 Georgia 56,668 Waycross
5%
325 Oklahoma 39,002 Weatherford
5%
312 Missouri 40,735 West Plains
5%
282 Minnesota 43,813 Willmar
5%
220 Minnesota 49,721 Winona
5%
19 Ohio 116,510 Wooster
5%
496 Minnesota 21,727 Worthington
5%
454 Colorado 27,804 Alamosa
0%
33 Alabama 100,756 Albertville
0%
10 North Carolina 141,477 Anderson Creek
0%
398 Kansas 34,157 Arkansas City-Winfield
0%
443 Georgia 29,087 Bainbridge
0%
52 Wisconsin 88,231 Beaver Dam
0%
311 Michigan 41,099 Big Rapids
0%
135 Pennsylvania 65,439 Bloomsburg-Berwick
0%
344 Kentucky 37,911 Campbellsville
0%
158 New Mexico 60,275 Carlsbad-Artesia
0%
253 Illinois 46,060 Charleston-Mattoon
0%
267 Michigan 45,215 Coldwater
0%
486 Indiana 23,362 Connersville
0%
142 Oregon 64,212 Coos Bay-North Bend
0%
230 Georgia 48,757 Cornelia
0%
333 Indiana 38,573 Crawfordsville
0%
141 Tennessee 64,760 Crossville
0%
45 Alabama 92,016 Cullman
0%
390 Minnesota 35,283 Detroit Lakes
0%
365 Michigan 36,790 Escanaba
0%
113 Minnesota 67,948 Faribault-Northfield
0%
156 Minnesota 60,626 Fergus Falls
0%
134 North Carolina 65,507 Forest City
0%
352 Indiana 37,567 Greencastle
0%
93 Tennessee 72,577 Greeneville
0%
153 Pennsylvania 61,247 Hemlock Farms
0%
24 Pennsylvania 108,503 Hermitage
0%
3 Hawaii 207,615 Hilo-Kailua
0%
15 New York 124,891 Jamestown-Dunkirk
0%
242 Indiana 47,430 Kendallville
0%
170 Georiga 58,118 Kingsland
0%
472 Iowa 25,722 Le Mars
0%
270 Kentucky 44,929 Madisonville
0%
137 Wisconsin, Michigan 65,051 Marinette
0%
123 Illinois 66,706 Marion-Herrin
0%
316 Iowa 40,014 Marshalltown
0%
26 New York 106,940 Massena-Ogdensburg
0%
258 Wisconsin 45,794 Menomonie
0%
482 Missouri 24,109 Moberly
0%
106 North Carolina 69,615 Morehead City
0%
132 South Carolina 65,731 Murrells Inlet
0%
328 South Carolina 38,825 Newberry
0%
46 Ohio 91,874 New Philadelphia-Dover
0%
128 North Carolina 66,013 North Wilkesboro
0%
196 Maryland 54,171 Ocean Pines
0%
494 Iowa 21,874 Oskaloosa
0%
354 Minnesota 37,421 Owatonna
0%
403 Iowa 33,770 Pella
0%
400 Michigan 34,123 Petoskey
0%
235 Minnesota 48,035 Red Wing
0%
244 Wisconsin 46,833 Rice Lake
0%
14 Kentucky 126,861 Richmond-Berea
0%
145 North Carolina 64,013 Roanoke Rapids
0%
201 Alabama 53,467 Scottsboro
0%
265 Wisconsin 45,335 Shawano
0%
32 North Carolina 101,378 Shelby-Kings Mountain
0%
239 Ohio 47,765 Sidney
0%
102 Wisconsin 71,024 Stevens Point-Plover
0%
47 Alabama 91,400 Talladega-Sylacauga
0%
452 Georgia 28,263 Thomaston
0%
118 Tennessee 67,381 Tullahoma-Manchester
0%
451 Ohio 28,704 Van Wert
0%
255 Wisconsin 46,050 Wapakoneta
0%
189 Missouri 54,962 Warrensburg
0%
59 Wisconsin 85,743 Watertown-Fort Atkinson
0%
27 Wisconsin 105,822 Whitewater-Elkhorn
0%
89 Wisconsin 73,939 Wisconsin Rapids-Marshfield
0%
No matching quizzes found
Score Distribution
Percent of People with Each Score
Percentile by Number Answered
Your Score History
You have not taken this quiz